Catalog

Record Details

Catalog Search



The ministry of intercession : a plea for more prayer Cover Image Book Book

The ministry of intercession : a plea for more prayer by Andrew Murray

Murray, Andrew (Author).

Record details

  • Physical Description: 200 p.
  • Publisher: London Fleming H. Revell 1897?

Available copies

  • 1 of 1 copy available at Common Catalog SPOK.

Holds

  • 0 current holds with 1 total copy.
Show Only Available Copies
Location Call Number / Copy Notes Barcode Shelving Location Status Due Date
ETS Library 248.32 424470003226 Volný výběr Available -

LDR 00623nam a2 00217
00143075
003CZ-PrJAB
00520030606000000.0
008030606s1897 xxk e |||| |eng
009gb
035 . ‡a(CONS)5823
035 . ‡aKPS2385
041 . ‡aeng
08214. ‡a248.32
100 . ‡7956 ‡aMurray, Andrew
245 . ‡aThe ministry of intercession : ‡ba plea for more prayer ‡cby Andrew Murray
260 . ‡aLondon ‡bFleming H. Revell ‡c1897?
300 . ‡a200 p.
653 . ‡aThe ministry of intercession ‡aa plea for more prayer
8524 . ‡bETS ‡bETS ‡cVolný výběr ‡j248.32 ‡gA ‡p424470003226
910 . ‡aABG450
999 . ‡a5823 ‡bAUTOGEN ‡c5823 ‡tbiblio
905 . ‡uadmin
901 . ‡a43075 ‡b ‡c43075 ‡tbiblio ‡sets

Additional Resources